[Event "Reykjavik Open 2025"]
[Site "Reykjavik"]
[Date "2025.04.14"]
[Round "8.105"]
[White "Verbitsky, Jaroslaw"]
[Black "Kleinert, Juergen"]
[Result "1/2-1/2"]
[WhiteElo "2065"]
[WhiteFideId "16214170"]
[BlackElo "1885"]
[BlackFideId "4659180"]
[Variant "Standard"]
[StudyName "ROpen 2025 - Rd8 - Board 45-108"]
1. e4 e5 2. Nf3 Nf6 3. Nc3 Bb4 4. Nxe5 d6 5. Nd3 Bxc3 6. dxc3 Nxe4 7. Be2 O-O 8. O-O Re8 9. Nf4 Bf5 10. c4 Nd7 11. f3 Nef6 12. g4 Bg6 13. Rf2 Ne5 14. b3 Nfd7 15. Bb2 Rc8 16. Qd4 f6 17. Qxa7 Nc5 18. Qa5 Bxc2 19. Qd2 Bg6 20. Rd1 Bf7 21. Ng2 Qd7 22. b4 Na4 23. Bxe5 fxe5 24. f4 e4 25. Ne3 Rcd8 26. g5 c6 27. c5 d5 28. Qd4 Rf8 29. Bg4 Qc7 30. Nf5 Bh5 31. Bxh5 Rxf5 32. Rdf1 Rdf8 33. Bd1 b5 34. Qe3 g6 35. Bg4 Qg7 36. Bxf5 gxf5 37. Rd2 Nb2 38. Qd4 Qxd4+ 39. Rxd4 Nd3 40. Rxd3 exd3 41. Rd1 Ra8 42. Rxd3 Rxa2 43. Re3 Rb2 44. Re6 Rxb4 45. Rxc6 Rxf4 46. Rd6 b4 47. Rxd5 b3 48. c6 Rc4 49. Rb5 1/2-1/2

[Event "Reykjavik Open 2025"]
[Site "Reykjavik"]
[Date "2025.04.14"]
[Round "8.106"]
[White "Gavran, Marinko"]
[Black "Arnalds, Stefan"]
[Result "1-0"]
[WhiteElo "2054"]
[WhiteFideId "14524848"]
[BlackElo "1850"]
[BlackFideId "2304821"]
[Variant "Standard"]
[StudyName "ROpen 2025 - Rd8 - Board 45-108"]
1. d4 Nf6 2. Nf3 e6 3. c4 d5 4. Nc3 Be7 5. Bg5 O-O 6. e3 Nbd7 7. Bd3 h6 8. Bf4 dxc4 9. Bxc4 Nb6 10. Bb3 Nbd5 11. Be5 Nxc3 12. bxc3 b6 13. g4 Ne4 14. Rg1 a5 15. g5 hxg5 16. Qd3 Nxc3 17. Nxg5 Bxg5 18. Bc2 f5 19. Qxc3 Rf7 20. Qc6 Ra7 21. Bb3 Bd7 22. Qc3 Bf6 23. O-O-O Qe7 24. Bxc7 Rf8 25. Bxb6 Rc8 26. Bc5 Rac7 27. Qd3 Rxc5+ 28. dxc5 Qxc5+ 29. Kb1 Qa3 1-0

[Event "Reykjavik Open 2025"]
[Site "Reykjavik"]
[Date "2025.04.14"]
[Round "8.107"]
[White "Oskarsson, Markus Orri"]
[Black "Nergard, Ole-Kristian"]
[Result "1/2-1/2"]
[WhiteElo "2051"]
[WhiteFideId "2320118"]
[BlackElo "1863"]
[BlackFideId "1543156"]
[Variant "Standard"]
[StudyName "ROpen 2025 - Rd8 - Board 45-108"]
1. d4 Nf6 2. c4 g6 3. Nc3 Bg7 4. e4 d6 5. h3 O-O 6. Be3 Na6 7. Nf3 e5 8. dxe5 dxe5 9. Qc2 c6 10. Be2 Qc7 11. O-O Nh5 12. Rfd1 Nf4 13. Bf1 f5 14. c5 Qe7 15. Rd6 fxe4 16. Nd2 Kh8 17. a3 Nc7 18. Ndxe4 Ncd5 19. Bd2 a5 20. Nxd5 cxd5 21. Bxf4 exf4 22. Rxd5 f3 23. Ng3 a4 24. Qd2 Be6 25. Re1 Qf7 26. Rd6 fxg2 27. Bxg2 Rae8 28. Re2 Bc4 29. Rxe8 Qxe8 30. Rd7 Qe5 31. Rxb7 Qxc5 32. Ne4 Qe5 33. Ng3 Bb3 34. h4 Qxb2 35. Qxb2 Bxb2 36. Bd5 Bxd5 37. Rxb2 Rf3 38. Rd2 Bg8 39. Rd8 Rxa3 40. h5 Kg7 41. h6+ Kf7 42. Ne4 Ra1+ 43. Kg2 a3 44. Nd6+ Ke7 45. Rxg8 Kxd6 46. Rxg6+ Ke5 47. Rg5+ Kf4 48. Ra5 1/2-1/2

[Event "Reykjavik Open 2025"]
[Site "Reykjavik"]
[Date "2025.04.14"]
[Round "8.108"]
[White "Nguyen, Paul"]
[Black "De La Torre, Igor"]
[Result "0-1"]
[WhiteElo "1936"]
[WhiteFideId "651096170"]
[BlackElo "2048"]
[BlackFideId "630535"]
[Variant "Standard"]
[StudyName "ROpen 2025 - Rd8 - Board 45-108"]
1. d4 Nf6 2. c4 g6 3. Nc3 Bg7 4. e4 d6 5. Be2 O-O 6. Be3 Nbd7 7. Qc2 e5 8. d5 c5 9. h4 a6 10. h5 Rb8 11. a4 Ne8 12. g4 Nc7 13. Nh3 Re8 14. O-O-O b5 15. axb5 axb5 16. cxb5 Nf8 17. Rh2 Bd7 18. Rdh1 Nxb5 19. Nxb5 Bxb5 20. Bxb5 Rxb5 21. hxg6 hxg6 22. Ng5 Qa5 23. Qb1 Reb8 24. f3 Rb3 25. Bd2 Qa4 26. Be1 Nd7 27. Rc2 c4 28. Bc3 Nc5 29. Kd2 Nd3 30. Rh2 Rxc3 31. Qh1 Qxc2+ 32. Ke3 Nxb2# 0-1

[Event "Reykjavik Open 2025"]
[Site "Reykjavik"]
[Date "2025.04.14"]
[Round "8.109"]
[White "Kirk, Eden"]
[Black "Boer, Alef"]
[Result "0-1"]
[WhiteElo "1933"]
[WhiteFideId "680290"]
[BlackElo "2044"]
[BlackFideId "1007122"]
[Variant "Standard"]
[StudyName "Ropen 2025 - Rd8 - Boards 109-172"]
1. d4 d5 2. Nf3 Nf6 3. Bg5 e6 4. Nbd2 Be7 5. e3 O-O 6. Bd3 Nbd7 7. Qe2 c5 8. c3 c4 9. Bc2 b5 10. e4 dxe4 11. Nxe4 Bb7 12. Nxf6+ Bxf6 13. h4 Re8 14. Ne5 Nf8 15. Rh3 Bd5 16. Rg3 Qe7 17. Kd2 Rec8 18. Rh1 a5 19. Qe3 b4 20. Rhh3 Ra7 21. Ng4 Nd7 22. Qf4 Kh8 23. Ne5 Rd8 24. Ke1 b3 25. axb3 cxb3 26. Bd3 a4 27. Qg4 g6 28. h5 Nxe5 29. dxe5 Bxg5 30. hxg6 fxg6 31. Bxg6 Bd2+ 32. Kf1 h6 33. Qh5 Bc4+ 34. Kg1 Bf4 35. Be4 Rad7 36. Qg6 Qg7 37. Qh5 Bxg3 38. Rxg3 Qf8 39. Rg6 Rh7 40. Rf6 Qe8 41. Bg6 Qd7 42. Kh2 Bd3 43. Qf3 Bf5 44. Qf4 Qd2 45. Qb4 Rhd7 46. Rf8+ Kg7 47. Rxd8 Kxg6 48. Rg8+ Kh7 49. Rg3 Rf7 50. Qxa4 Qxf2 51. Qxb3 Qf4 52. c4 Qxe5 53. Kh1 h5 54. Re3 Qd4 55. Rg3 Bg6 56. Rh3 Rf1+ 57. Kh2 Qf4+ 58. Qg3 Qxg3+ 59. Rxg3 Rc1 60. Rc3 Rxc3 61. bxc3 Kg7 62. Kg3 Bd3 63. c5 Kf6 64. Kf4 e5+ 65. Ke3 Bf1 66. g3 Ke6 0-1

[Event "Reykjavik Open 2025"]
[Site "Reykjavik"]
[Date "2025.04.14"]
[Round "8.110"]
[White "Baldvinsson, Loftur"]
[Black "Brackmann, Hendrik"]
[Result "0-1"]
[WhiteElo "1920"]
[WhiteFideId "2301261"]
[BlackElo "2040"]
[BlackFideId "12905135"]
[Variant "Standard"]
[StudyName "Ropen 2025 - Rd8 - Boards 109-172"]
1. e4 e6 2. b3 d5 3. Bb2 Nc6 4. e5 d4 5. Nf3 Qd5 6. Qe2 Bc5 7. Na3 a6 8. O-O-O Nge7 9. c4 Qd7 10. Nc2 b6 11. Qe4 Bb7 12. Ncxd4 O-O-O 13. Nxc6 Nxc6 14. Qh4 Nb4 15. d4 Nxa2+ 16. Kb1 Nb4 17. Bd3 Be7 18. Qf4 Nxd3 19. Rxd3 g5 20. Qe3 g4 21. Ne1 Rhg8 22. f3 gxf3 23. gxf3 Bg5 24. Qe2 Bf4 25. Rf1 Qe7 26. Rd1 Qh4 27. Rf2 Bxe5 28. Ng2 Qh3 29. Ne3 Bh8 30. Nc2 Qh4 31. Rff1 Qf4 32. Bc1 Qf5 33. Ka2 h5 34. Bb2 h4 35. Ne3 Qf4 36. Nc2 h3 37. Bc1 Qf5 38. Rf2 Rg6 39. Be3 Rdg8 40. d5 exd5 41. cxd5 Bxd5 42. Qxa6+ Bb7 43. Qa4 b5 44. Nd4 Bxd4 45. Qxd4 Rd6 0-1

[Event "Reykjavik Open 2025"]
[Site "Reykjavik"]
[Date "2025.04.14"]
[Round "8.111"]
[White "Deboushnik, De"]
[Black "Agustsson, Hafsteinn"]
[Result "1-0"]
[WhiteElo "2038"]
[WhiteFideId "25768778"]
[BlackElo "1784"]
[BlackFideId "2302047"]
[Variant "Standard"]
[StudyName "Ropen 2025 - Rd8 - Boards 109-172"]
1. d4 d5 2. c4 e6 3. Nc3 Be7 4. cxd5 exd5 5. Qc2 Nf6 6. Bg5 c6 7. e3 O-O 8. Bd3 Nbd7 9. Nge2 Re8 10. O-O Ne4 11. Bf4 Nef6 12. Nb5 Rf8 13. Bc7 Qe8 14. Nd6 Bxd6 15. Bxd6 h6 16. Ng3 Qe6 17. Bxf8 Nxf8 18. Rae1 N8d7 19. f3 b6 20. e4 dxe4 21. fxe4 Bb7 22. Bc4 Qe8 23. Nf5 Qf8 24. e5 1-0

[Event "Reykjavik Open 2025"]
[Site "Reykjavik"]
[Date "2025.04.14"]
[Round "8.112"]
[White "Divry, Alexandre"]
[Black "Weersing, Nathan"]
[Result "1-0"]
[WhiteElo "2036"]
[WhiteFideId "16286006"]
[BlackElo "1666"]
[BlackFideId "467936"]
[Variant "Standard"]
[StudyName "Ropen 2025 - Rd8 - Boards 109-172"]
1. d4 d5 2. c4 e6 3. Nc3 Nf6 4. cxd5 exd5 5. Bg5 c6 6. e3 Bf5 7. Qf3 Bg6 8. Bxf6 gxf6 9. Nge2 Nd7 10. Ng3 Bb4 11. Rc1 Qa5 12. a3 Bxc3+ 13. Rxc3 O-O 14. Nf5 b5 15. Bd3 b4 16. Ne7+ Kg7 17. Nxc6 bxc3 18. Nxa5 cxb2 19. Bxg6 fxg6 20. Kd2 Rfc8 21. Rb1 Rab8 22. Qxd5 Nb6 23. Qe6 Re8 24. Qa2 Na4 25. Qc4 Nb6 26. Qc7+ Kh8 27. Rxb2 Rbc8 28. Qxa7 1-0

[Event "Reykjavik Open 2025"]
[Site "Reykjavik"]
[Date "2025.04.14"]
[Round "8.114"]
[White "Karlinder, Lovis Neo"]
[Black "Haraldsson, Leif"]
[Result "0-1"]
[WhiteElo "1755"]
[WhiteFideId "34664785"]
[BlackElo "1844"]
[BlackFideId "1710648"]
[Variant "Standard"]
[StudyName "Ropen 2025 - Rd8 - Boards 109-172"]
1. e4 e5 2. Nf3 Qe7 3. Nc3 c6 4. Bc4 d6 5. h3 h6 6. d4 Nf6 7. a4 a5 8. O-O Qc7 9. Qe2 Nbd7 10. Be3 Be7 11. Rfd1 g5 12. h4 Nh7 13. hxg5 hxg5 14. d5 Rg8 15. Nh2 Ndf6 16. f3 g4 17. f4 g3 18. Nf3 Bg4 19. Kf1 Nh5 20. f5 Ng5 21. Ke1 Nf4 22. Bxf4 exf4 23. Kd2 O-O-O 24. Rh1 Bf6 25. Qf1 Bxf3 26. gxf3 g2 0-1

[Event "Reykjavik Open 2025"]
[Site "Reykjavik"]
[Date "2025.04.14"]
[Round "8.115"]
[White "Maton, Emily"]
[Black "Pisan, Kai"]
[Result "1/2-1/2"]
[WhiteElo "1912"]
[WhiteFideId "343120293"]
[BlackElo "2020"]
[BlackFideId "39904881"]
[Variant "Standard"]
[StudyName "Ropen 2025 - Rd8 - Boards 109-172"]
1. d4 Nf6 2. Nf3 g6 3. c4 Bg7 4. Nc3 O-O 5. e4 d6 6. Bf4 Nh5 7. Be3 c6 8. Qd2 Re8 9. O-O-O Qc7 10. Be2 Nd7 11. Bh6 e5 12. Bxg7 Nxg7 13. d5 c5 14. Qh6 Nf8 15. h4 f6 16. Nd2 f5 17. h5 Qf7 18. Qg5 Qe7 19. Qe3 f4 20. Qd3 (20. Qf3 gxh5) 20... gxh5 21. Bxh5 { [%csl Gg7][%cal Gg7g6] } 21... Nxh5 22. Rxh5 Bg4 23. Rdh1 Bxh5 24. Rxh5 Qg7 25. Qh3 a6 26. Nf3 Rab8 27. Rg5 Ng6 28. Nh4 Qf6 29. Qg4 Kg7 30. Qd7+ Kh8 31. Rh5 Nf8 32. Qg4 Re7 33. Nf5 Rc7 34. Nh6 Rg7 35. Qh3 b5 36. cxb5 axb5 37. Rf5 Qg6 38. Nxb5 Rgb7 39. Nc3 Qg7 40. b3 Ng6 41. Rg5 Qf6 42. Rf5 Qg7 1/2-1/2

[Event "Reykjavik Open 2025"]
[Site "Reykjavik"]
[Date "2025.04.14"]
[Round "8.116"]
[White "Aas, Robert"]
[Black "Gudmundsson, Gunnar Erik"]
[Result "0-1"]
[WhiteElo "1898"]
[WhiteFideId "1571303"]
[BlackElo "2018"]
[BlackFideId "2314339"]
[Variant "Standard"]
[StudyName "Ropen 2025 - Rd8 - Boards 109-172"]
1. d4 Nf6 2. c4 e6 3. Nf3 d5 4. g3 Be7 5. Bg2 O-O 6. O-O dxc4 7. Na3 a6 8. Nxc4 b5 9. Nfe5 Nd5 10. Na5 Bf6 11. e4 Ne7 12. Nf3 g6 13. b4 Bg7 14. Qc2 Qd7 15. Be3 Nec6 16. Nxc6 Nxc6 17. Rab1 Bb7 18. Rfd1 Qe7 19. a3 Rfd8 20. Bg5 f6 21. Be3 a5 22. Qb3 axb4 23. axb4 Ra4 24. Bh3 Bc8 25. d5 Rxb4 26. Qc2 Rxb1 27. Qxb1 exd5 28. Bxc8 Rxc8 29. exd5 Ne5 30. Nxe5 Qxe5 31. Qxb5 Qe7 32. Qa6 Rd8 33. Bf4 Rd7 34. Rb1 Bf8 35. Rd1 Qf7 36. Qa8 Kg7 37. h4 Bd6 38. Be3 h5 39. Rb1 Be7 40. Rd1 Bd6 41. Qa1 Be5 42. Qa8 Qe7 43. Bc1 Kh7 44. Qc6 Qf7 45. Ba3 Kg7 46. Qa8 Bd6 47. Bb2 Be5 48. Bc1 Kh7 49. Kg2 Bd6 50. Re1 Re7 51. Be3 Re8 52. Qb7 Kg7 53. Ra1 Be5 54. Rd1 Bd6 55. Qc6 Qe7 56. Kh2 Kh7 57. Rc1 Qe4 58. Rc4 Qe7 59. Qa4 Qf7 60. Qc6 Re5 61. Rd4 Re7 62. Rd3 Re4 63. Kg2 Qe8 64. Qc3 Qf7 65. Qd2 Re7 66. Qd1 Re5 67. Qf3 Rf5 68. Qe4 Re5 69. Qc4 Kg8 70. Qd4 Kh7 71. f3 Re8 72. Bd2 Re2+ 73. Kf1 Re8 74. Bf4 Bxf4 75. Qxf4 Qe7 76. Qd2 Qd6 77. Kf2 Rd8 78. Rc3 c6 79. Rxc6 Qxc6 80. Qe3 Qd6 0-1

[Event "Reykjavik Open 2025"]
[Site "Reykjavik"]
[Date "2025.04.14"]
[Round "8.118"]
[White "Stolyarov, Alan"]
[Black "Pererva, Viktor"]
[Result "1/2-1/2"]
[WhiteElo "1889"]
[WhiteFideId "30906008"]
[BlackElo "2017"]
[BlackFideId "24696463"]
[Variant "Standard"]
[StudyName "Ropen 2025 - Rd8 - Boards 109-172"]
1. d4 d5 2. c4 e6 3. Nc3 a6 4. cxd5 exd5 5. Bf4 Nf6 6. e3 Bd6 7. Bxd6 Qxd6 8. Bd3 O-O 9. Qc2 Re8 10. Nf3 Nc6 11. a3 Bg4 12. O-O Bxf3 13. gxf3 Ne7 14. Kh1 g6 15. b4 Nh5 16. b5 a5 17. f4 Ng7 18. b6 Rec8 19. bxc7 Qxc7 20. Rfc1 Qd7 21. Qa2 Ngf5 22. Bf1 Nh4 23. Rab1 Rc7 24. h3 Rac8 25. Qb2 Qf5 26. Ra1 Rc6 27. Bg2 Nxg2 28. Kxg2 Qd3 29. Nd1 Qe4+ 30. Kg1 b6 31. Rxc6 Rxc6 32. Rc1 Qe6 33. Rxc6 Qxc6 34. Qc3 Qxc3 35. Nxc3 Kf8 36. Kf1 Ke8 37. Ke2 Kd7 38. Kd3 Kc6 39. a4 Kd6 40. f3 f5 41. Nb5+ 1/2-1/2

[Event "Reykjavik Open 2025"]
[Site "Reykjavik"]
[Date "2025.04.14"]
[Round "8.119"]
[White "Roth, Jonas"]
[Black "Arun, Nitish"]
[Result "1/2-1/2"]
[WhiteElo "1881"]
[WhiteFideId "34623515"]
[BlackElo "2004"]
[BlackFideId "2524201"]
[Variant "Standard"]
[StudyName "Ropen 2025 - Rd8 - Boards 109-172"]
1. d4 Nf6 2. Nf3 e6 3. Bf4 c5 4. e3 cxd4 5. exd4 b6 6. c3 Be7 7. Bd3 Bb7 8. O-O O-O 9. Nbd2 d6 10. h3 Nbd7 11. Re1 a6 12. Qb3 Re8 13. Qc2 h6 14. Bh2 Bf8 15. Rac1 Rc8 16. a4 Qc7 17. Qd1 Qb8 18. Qe2 Qa8 19. Qf1 Rcd8 20. c4 d5 21. Ne5 Bb4 22. Red1 Nxe5 23. Bxe5 Nd7 24. Bg3 Bxd2 25. Rxd2 dxc4 26. Rxc4 Rc8 27. Rc3 Nf6 28. f3 Nd5 29. Rb3 Rc6 30. Be4 Qd8 31. Kh2 Qg5 32. f4 Qd8 33. Qf3 f5 34. Bd3 Qa8 35. Qe2 Rec8 { Move 36 illegal move } 1/2-1/2

[Event "Reykjavik Open 2025"]
[Site "Reykjavik"]
[Date "2025.04.14"]
[Round "8.120"]
[White "Leosson, Haukur Vidis"]
[Black "Thorsteinsdottir, Hallgerdur"]
[Result "1/2-1/2"]
[WhiteElo "1863"]
[WhiteFideId "2325780"]
[BlackElo "2003"]
[BlackFideId "2302454"]
[Variant "Standard"]
[StudyName "Ropen 2025 - Rd8 - Boards 109-172"]
1. d4 Nf6 2. c4 g6 3. Nc3 d5 4. Bf4 Bg7 5. Nf3 O-O 6. Rc1 c6 7. e3 h6 8. Qb3 b6 9. cxd5 Nxd5 10. Nxd5 cxd5 11. Bc7 Qd7 12. Bb5 Qe6 13. Bg3 Bd7 14. Bxd7 Nxd7 15. O-O Rfc8 16. Qa4 Nf6 17. Ne5 Ne4 18. Rc6 Rxc6 19. Qxc6 Qxc6 20. Nxc6 Nxg3 21. hxg3 Kf8 22. Rc1 Rc8 23. Rc3 a5 24. a4 Ke8 25. Kf1 Kd7 26. Na7 Rxc3 27. bxc3 h5 28. Ke2 e6 29. Kf3 f5 30. Kf4 Bf6 31. Kf3 Be7 32. Nb5 g5 33. Ke2 Bf6 34. f4 g4 35. Kd3 Be7 36. Ke2 Kc8 37. Na7+ Kd7 38. Nb5 Bf8 39. Kd3 Be7 40. Ke2 Bf8 1/2-1/2

[Event "Reykjavik Open 2025"]
[Site "Reykjavik"]
[Date "2025.04.14"]
[Round "8.122"]
[White "Albersmann, Rene"]
[Black "Balton, Tim"]
[Result "1/2-1/2"]
[WhiteElo "1859"]
[WhiteFideId "34631402"]
[BlackElo "1988"]
[BlackFideId "1478060"]
[Variant "Standard"]
[StudyName "Ropen 2025 - Rd8 - Boards 109-172"]
1. d4 d5 2. e3 Nf6 3. Bd3 g6 4. f4 Bg7 5. Nf3 O-O 6. O-O Bf5 7. Ne5 Nbd7 8. Be2 h5 9. Nd2 c5 10. c3 c4 11. b3 cxb3 12. axb3 Nxe5 13. fxe5 Ne4 14. Nxe4 Bxe4 15. Ba3 Rc8 16. c4 f6 17. exf6 Rxf6 18. Qd2 Rxf1+ 19. Rxf1 Qd7 20. c5 Rf8 21. Qd1 Rxf1+ 1/2-1/2

[Event "Reykjavik Open 2025"]
[Site "Reykjavik"]
[Date "2025.04.14"]
[Round "8.124"]
[White "Eustratiadis, Panagiotis"]
[Black "Bozilov, Dragan"]
[Result "0-1"]
[WhiteElo "1579"]
[WhiteFideId "40100448"]
[BlackElo "1981"]
[BlackFideId "906620"]
[Variant "Standard"]
[StudyName "Ropen 2025 - Rd8 - Boards 109-172"]
1. e4 e5 2. Nf3 Nc6 3. d4 exd4 4. Nxd4 Bc5 5. Nxc6 Qf6 6. Qf3 bxc6 7. Nc3 Rb8 8. a3 d6 9. Qg3 Be6 10. Na4 Bb6 11. Nxb6 Rxb6 12. Bd3 Ne7 13. O-O h6 14. f4 Qg6 15. Qxg6 fxg6 16. Be3 Rb7 17. f5 gxf5 18. exf5 Bd5 19. c4 Rb3 20. cxd5 Rxd3 21. Bxa7 Nxd5 22. Rfe1+ Kd7 23. Rad1 Re8 24. Rf1 Rxd1 25. Rxd1 Re2 26. Bd4 c5 27. Bxc5 Nf4 28. Bf2 Rxb2 29. Ra1 c5 30. a4 Nd3 31. Be3 Re2 32. Bc1 0-1

[Event "Reykjavik Open 2025"]
[Site "Reykjavik"]
[Date "2025.04.14"]
[Round "8.127"]
[White "Maciol, Ryszard"]
[Black "Zhang, Onno"]
[Result "0-1"]
[WhiteElo "2135"]
[WhiteFideId "1118153"]
[BlackElo "1843"]
[BlackFideId "34643397"]
[Variant "Standard"]
[StudyName "Ropen 2025 - Rd8 - Boards 109-172"]
1. d4 Nf6 2. c4 e6 3. Nc3 Bb4 4. e3 b6 5. Bd3 Bb7 6. Nf3 O-O 7. O-O c5 8. Na4 d6 9. a3 Ba5 10. Rb1 Na6 11. Qc2 Rc8 12. e4 h6 13. d5 exd5 14. exd5 b5 15. cxb5 Nc7 16. Bf5 Ncxd5 17. Bxc8 Qxc8 18. b4 Bc7 19. Re1 Nh5 20. Kf1 Ndf4 21. Re4 Bxe4 22. Qxe4 d5 23. Qe7 Re8 24. Qxc5 Qg4 25. Bxf4 Nxf4 0-1

[Event "Reykjavik Open 2025"]
[Site "Reykjavik"]
[Date "2025.04.14"]
[Round "8.129"]
[White "De Seroux, Camille"]
[Black "Muzik, Roman"]
[Result "0-1"]
[WhiteElo "2049"]
[WhiteFideId "1305620"]
[BlackElo "1832"]
[BlackFideId "357480"]
[Variant "Standard"]
[StudyName "Ropen 2025 - Rd8 - Boards 109-172"]
1. e4 e5 2. Nc3 Nf6 3. f4 d5 4. fxe5 Nxe4 5. Qf3 Nc6 6. Bb5 Nxc3 7. dxc3 Qh4+ 8. g3 Qe4+ 9. Qxe4 dxe4 10. Ne2 Bd7 11. Bxc6 Bxc6 12. Be3 O-O-O 13. Rf1 Bd5 14. Nf4 Bc4 15. Rf2 h5 16. b3 Ba6 17. c4 Ba3 18. Rb1 h4 19. g4 h3 20. Ne2 Rd7 21. Rf4 b6 22. Rxe4 Bb7 23. Rf4 Re8 24. Bd4 Re6 25. Rd1 Rh6 26. Bf2 Rg6 0-1

[Event "Reykjavik Open 2025"]
[Site "Reykjavik"]
[Date "2025.04.14"]
[Round "8.130"]
[White "Levin, Anthony"]
[Black "Mize, Dylan"]
[Result "1/2-1/2"]
[WhiteElo "2016"]
[WhiteFideId "30940680"]
[BlackElo "1826"]
[BlackFideId "30932599"]
[Variant "Standard"]
[StudyName "Ropen 2025 - Rd8 - Boards 109-172"]
1. d4 Nf6 2. c4 e6 3. g3 Bb4+ 4. Nd2 O-O 5. Bg2 d6 6. Nf3 c5 7. O-O Nc6 8. a3 Ba5 9. Nb3 Bb6 10. dxc5 dxc5 11. Bf4 Nd7 12. Bd6 Re8 13. Qc2 Qf6 14. Rfd1 e5 15. Bh3 Nd4 16. Nfxd4 cxd4 17. Bb4 Nf8 18. Bg2 Bf5 19. Be4 Bxe4 20. Qxe4 Qc6 21. Qxc6 bxc6 22. c5 Bc7 23. Na5 Bxa5 24. Bxa5 Ne6 25. Rac1 Rab8 26. b4 Rb7 27. Kf1 f5 28. e3 Kf7 29. f4 exf4 30. exd4 Rd7 31. d5 Rxd5 32. Rxd5 cxd5 33. Rd1 fxg3 34. hxg3 d4 35. c6 Ke7 36. b5 Kd6 37. a4 Kd5 38. Re1 g5 39. b6 axb6 40. Bxb6 Rc8 41. c7 Nxc7 42. Rc1 Kd6 43. Bxd4 Ra8 44. a5 Nd5 45. Bc5+ Kd7 46. Bb6 Nxb6 47. axb6 Rc8 48. Ra1 Kd6 49. Ra7 Rb8 50. Rxh7 Rxb6 51. Rg7 Rb1+ 52. Kf2 Rb2+ 53. Kf1 g4 54. Rg8 Ke7 55. Rg6 Kf7 56. Ra6 Rb3 57. Kf2 Rf3+ 58. Kg2 Re3 59. Kf2 Re6 60. Ra8 Kf6 61. Rb8 Ra6 62. Re8 Ra2+ 63. Kf1 Ra4 64. Kf2 Re4 65. Ra8 Rc4 66. Re8 Rc2+ 67. Kf1 Kg6 68. Rg8+ Kf7 69. Ra8 Ke6 70. Re8+ Kd5 71. Re7 Kd4 72. Re8 Rc3 73. Kf2 Rf3+ 74. Kg2 Rb3 75. Kf2 Rb2+ 76. Kf1 Rb5 77. Kf2 Re5 78. Rd8+ Ke4 79. Ra8 Rb5 80. Re8+ Re5 81. Ra8 Rd5 82. Re8+ Kd4 83. Ra8 Rd6 84. Re8 Ra6 85. Rd8+ Ke5 86. Re8+ Kf6 87. Kf1 Ra3 88. Kf2 Ra6 89. Kf1 Kg5 90. Rg8+ Rg6 91. Rf8 Rf6 92. Rg8+ Kh5 93. Rh8+ Kg6 94. Rg8+ Kf7 95. Ra8 Kg6 96. Rg8+ Kf7 97. Ra8 f4 98. gxf4 Rxf4+ 99. Kg2 Kg6 100. Kg3 Rb4 101. Ra5 Kf6 102. Rc5 Kg6 1/2-1/2

[Event "Reykjavik Open 2025"]
[Site "Reykjavik"]
[Date "2025.04.14"]
[Round "8.131"]
[White "Hellerud, Lauritz Nissen"]
[Black "Termeulen, Albert"]
[Result "0-1"]
[WhiteElo "1821"]
[WhiteFideId "1570528"]
[BlackElo "1999"]
[BlackFideId "1002686"]
[Variant "Standard"]
[StudyName "Ropen 2025 - Rd8 - Boards 109-172"]
1. e4 Nf6 2. e5 Nd5 3. d4 d6 4. c4 Nb6 5. exd6 cxd6 6. Nc3 g6 7. Nf3 Bg7 8. Be2 O-O { [%csl Gc6] } 9. O-O Nc6 10. h3 Bf5 11. Be3 d5 12. c5 Nc4 13. Bxc4 dxc4 14. d5 Nb4 15. a3 Nc2 16. Rc1 Nxe3 17. fxe3 Bd3 18. Rf2 Qc7 19. Ne1 Bf5 20. e4 Bd7 21. Ne2 Qxc5 22. b4 Qc7 23. Qc2 Rac8 24. Nf3 a5 25. Re1 axb4 26. axb4 c3 27. Ned4 Qc4 28. Qd1 Qxb4 29. e5 Ba4 30. Qd3 Qc4 31. Qe3 Qxd5 32. Rc1 Qc4 0-1

[Event "Reykjavik Open 2025"]
[Site "Reykjavik"]
[Date "2025.04.14"]
[Round "8.132"]
[White "Mrozowski, Nikodem"]
[Black "Gudmundsson, Steinn"]
[Result "1-0"]
[WhiteElo "1984"]
[WhiteFideId "41801733"]
[BlackElo "1816"]
[BlackFideId "2329808"]
[Variant "Standard"]
[StudyName "Ropen 2025 - Rd8 - Boards 109-172"]
1. e4 c5 2. Nf3 e6 3. d4 cxd4 4. Nxd4 a6 5. c4 Nf6 6. Nc3 Qc7 7. Be2 Nc6 8. Nc2 b6 9. O-O Bb7 10. f4 Na5 11. e5 Ne4 12. Nxe4 Bxe4 13. b3 d6 14. Bf3 Bb7 15. Bb2 O-O-O 16. Qe2 Nc6 17. Nd4 Nxd4 18. Bxd4 dxe5 19. Bxe5 Qc5+ 20. Kh1 f6 21. Bc3 Re8 22. f5 e5 23. b4 Qc7 24. Bxb7+ Kxb7 25. a4 Rc8 26. c5 bxc5 27. b5 Ka7 28. Rab1 Rb8 29. b6+ 1-0

[Event "Reykjavik Open 2025"]
[Site "Reykjavik"]
[Date "2025.04.14"]
[Round "8.133"]
[White "Kiss, Inez"]
[Black "Wiesebach, Wolfgang"]
[Result "1-0"]
[WhiteElo "1812"]
[WhiteFideId "17004306"]
[BlackElo "1971"]
[BlackFideId "4677196"]
[Variant "Standard"]
[StudyName "Ropen 2025 - Rd8 - Boards 109-172"]
1. e4 c5 2. c4 d6 3. Nc3 Nc6 4. g3 g6 5. Bg2 Bg7 6. Nge2 e6 7. d3 a6 8. O-O Nge7 9. Be3 Qc7 10. d4 cxd4 11. Nxd4 O-O 12. Rc1 Rb8 13. Qd2 b6 14. Nxc6 Nxc6 15. Nb5 Qe7 16. Nxd6 Rd8 17. Nxc8 Rbxc8 18. Qe2 Nd4 19. Bxd4 Bxd4 20. Rfd1 Qc5 21. a3 a5 22. Kf1 b5 23. b4 axb4 24. axb4 Qxb4 25. cxb5 e5 26. Rxc8 Rxc8 27. Bh3 Rc5 28. Bd7 Qb3 29. Kg2 Rc2 30. Rd2 Rc1 31. Qd3 Rc3 32. Qf1 Qa3 33. Qb1 Rc1 34. Qa2 Qc3 35. Be8 Qc7 36. b6 Qe7 37. Bxf7+ Qxf7 38. b7 Ba7 39. Qxa7 1-0